Affective Neuroscience / The Foundations of Human and Animal Emotions (Record no. 2244)
[ view plain ]
| 000 -LEADER | |
|---|---|
| fixed length control field | 01431cam a22001934a 4500 |
| 005 - ΗΜΕΡΟΜΗΝΙΑ ΚΑΙ ΩΡΑ ΤΕΛΕΥΤΑΙΑΣ ΕΝΗΜΕΡΩΣΗΣ | |
| Πεδίο ελέγχου | 20250605164035.0 |
| 008 - FIXED-LENGTH DATA ELEMENTS--GENERAL INFORMATION | |
| Πεδίο ελέγχου σταθερού μήκους | 250528s ||||||||||||||||||||||||d |
| 035 ## - SYSTEM CONTROL NUMBER | |
| System control number | 16779 |
| 020 ## - ISBN | |
| ISBN | 19517805 |
| 040 ## - ΠΗΓΗ ΚΑΤΑΛΟΓΟΓΡΑΦΗΣΗΣ | |
| Φορέας πρωτότυπης καταλογογράφησης | MC Athens Campus Library |
| Γλώσσα καταλογογράφησης | Ελληνικά, Μοντέρνα (1453-) |
| Modifying agency | MC Athens Campus Library |
| Κανόνες περιγραφικής καταλογογράφησης | AACR2 |
| 245 1# - ΤΙΤΛΟΣ ΚΑΙ ΔΗΛΩΣΗ ΥΠΕΥΘΥΝΟΤΗΤΑΣ | |
| Τίτλος | Affective Neuroscience / The Foundations of Human and Animal Emotions |
| 260 ## - PUBLICATION, DISTRIBUTION, ETC. | |
| Name of publisher, distributor, etc. | Oxford University Press, |
| Date of publication, distribution, etc. | 1998 |
| 300 ## - PHYSICAL DESCRIPTION | |
| Extent | 466 |
| 520 ## - SUMMARY, ETC. | |
| Summary, etc. | Representing a synthetic integration of vast amounts of neurobehavioral knowledge, including relevant neuroanatomy, neurophysiology, and neurochemistry, this book, integrating animal and human perspectives, is one of the most important contributions to understanding the evolution of emotions. Conceptual Background, Affective Neuroscience: History and Major Concepts, The Varieties of Emotional Systems in the Brain: Theories and Taxonomies and Semantics, Neurodynamics: The Electrical Languages, Neurodynamics: Neurochemical Maps of the Brain, Basic Emotional and Motivational Processes, Sleep and Arousal and Mythmaking in the Brain, Energy is Delight: The Pleasures and Pains of Brain Regulatory Systems, The Sources of Fear and Anxiety in the Brain, The Social Emotions, Love and Social Bond: The Sources of Nurturance and Maternal Behavior, Rough-and-Tumble Play: The Brain Sources of Joy, Notes, Author and Subject Index. |
| 700 1# - ΠΡΟΣΘΕΤΗ ΑΝΑΓΡΑΦΗ--ΦΥΣΙΚΟ ΠΡΟΣΩΠΟ | |
| Personal name | Panksepp Jaak |
| 9 (RLIN) | 2871 |
| 942 ## - ADDED ENTRY ELEMENTS (KOHA) | |
| Koha item type | Books |
| Τύπος τεκμηρίου | Βιβλιοθήκη | Τρέχουσα τοποθεσία | Barcode | Αριθμός εισαγωγής | Ημερομηνία απόκτησης | Ταξιθετικό σύμβολο | Αριθμός αντιτύπου | Κατάσταση απόσυρσης | Κατάσταση χαμένου | Κατάσταση κατεστραμμένου | Μη δανεισμός | Σύνολο δανεισμών | Ημερομηνία τελευταίας εμφάνισης | Χρονολογία τελευταίου δανεισμού | Η τιμή ισχύει από |
|---|---|---|---|---|---|---|---|---|---|---|---|---|---|---|---|
| Books | MC Athens Campus Library | MC Athens Campus Library | 9780000022431 | 5017 | 05/06/2025 | 156/.24 PAN | 1 | 1 | 10/12/2025 | 27/11/2025 | 05/06/2025 |